Psychological abstracts nonevaluative summaries of the serial and book literture in psychology and related disciplines

Saved in:
Bibliographic Details
Corporate Author: American Psychological Association
Format: Serial
Language:English
Published: Whashington : American Psychological Association, 1927-2006
Subjects:
Tags: Add Tag
No Tags, Be the first to tag this record!

MARC

LEADER 00000nas a2200000 i 4500
001 1/104775
008 000317c19272006wau|||||||||||| ||eng||
022 |a 00332887 
035 |l 10058970 
040 |a GR-My-Ua  |b gre  |e AACR 2 
041 0 |a eng 
082 0 |a 150.5  |2 (23) 
245 1 0 |a Psychological abstracts  |h [περιοδικό] :  |b nonevaluative summaries of the serial and book literture in psychology and related disciplines 
260 |a Whashington :   |b American Psychological Association,   |c 1927-2006 
300 |a  τ. ;   |b εικ.;   |c 26 εκ.  
310 |a Μηνιαίο, Jun. 2001- ; Προηγούμενη συχνότητα: Ετήσιο, 1927- 
650 0 0 |a Psychology  |x Abstracts  |x Periodicals. 
710 2 |a American Psychological Association. 
853 |a INST  |b RHODES  |c SER  |h 150.5